<?xml version="1.0" encoding="UTF-8"?>
<record
    xmlns:xsi="http://www.w3.org/2001/XMLSchema-instance"
    xsi:schemaLocation="http://www.loc.gov/MARC21/slim http://www.loc.gov/standards/marcxml/schema/MARC21slim.xsd"
    xmlns="http://www.loc.gov/MARC21/slim">

  <leader>02001nem a22002175a 4500</leader>
  <controlfield tag="001">C01173997c-9</controlfield>
  <controlfield tag="003">CO-ViMGA</controlfield>
  <controlfield tag="005">20230915233555.0</controlfield>
  <controlfield tag="008">120307s2002    ck d          r     spa d</controlfield>
  <datafield tag="040" ind1=" " ind2=" ">
    <subfield code="a">CO-ViMGA</subfield>
    <subfield code="b">spa</subfield>
    <subfield code="c">CO-ViMGA</subfield>
  </datafield>
  <datafield tag="082" ind1="0" ind2="4">
    <subfield code="a">918.6</subfield>
    <subfield code="b">M17</subfield>
  </datafield>
  <datafield tag="084" ind1=" " ind2=" ">
    <subfield code="a">C11289</subfield>
  </datafield>
  <datafield tag="100" ind1="2" ind2=" ">
    <subfield code="a">Instituto Geogr&#xE1;fico "Agust&#xED;n Codazzi"</subfield>
    <subfield code="9">11716</subfield>
  </datafield>
  <datafield tag="245" ind1="0" ind2="0">
    <subfield code="a">Mapas departamentales de Colombia </subfield>
    <subfield code="h">[material cartogr&#xE1;fico] / </subfield>
    <subfield code="c">Instituto Geogr&#xE1;fico Agust&#xED;n Codazzi.</subfield>
  </datafield>
  <datafield tag="260" ind1=" " ind2=" ">
    <subfield code="a">Bogot&#xE1; : </subfield>
    <subfield code="b">IGAC, </subfield>
    <subfield code="c">2014.</subfield>
  </datafield>
  <datafield tag="300" ind1=" " ind2=" ">
    <subfield code="a">1 malet&#xED;n con 33 mapas. : </subfield>
    <subfield code="b">color ; </subfield>
    <subfield code="c">28 cm.</subfield>
  </datafield>
  <datafield tag="505" ind1="0" ind2=" ">
    <subfield code="a">Mapa 1 Rep&#xFA;blica de Colombia: divisi&#xF3;n pol&#xED;tico administrativa. -- Mapa 2 Departamento del Amazonas. -- Mapa 3 Departamento de Antioquia. -- Mapa 4 Departamento de Arauca. -- Mapa 5 Departamento del Atl&#xE1;ntico. -- Mapa 6 Departamento de Bol&#xED;var. -- Mapa 7 Departamento de Boyac&#xE1;. -- Mapa 8 Departamento del Caquet&#xE1;. -- Mapa 9 Departamento del Casanare. -- Mapa 10 Departamento de Caldas. -- Mapa 11 Departamento del Cauca. -- Mapa 12 Departamento del Cesar. -- Mapa 13 Departamento de C&#xF3;rdoba. -- Mapa 14 Departamento de Cundinamarca. -- Mapa 15 Departamento del Choc&#xF3;. -- Mapa 16 Departamento del Guain&#xED;a. -- Mapa 17 Departamento de La Guajira. -- Mapa 18 Departamento del Guaviare. -- Mapa 19 Departamento del Huila. -- Mapa 20 Departamento del Magdalena. -- Mapa 21 Departamento del Meta. -- Mapa 22 Departamento de Nari&#xF1;o. -- Mapa 23 Departamento Norte de Santander. -- Mapa 24 Departamento del Putumayo. -- Mapa 25 Departamento del Quind&#xED;o. -- Mapa 26 Departamento de Risaralda. -- Mapa 27 Departamento Archipi&#xE9;lago de San Andr&#xE9;s, Providencia y Santa Catalina. -- Mapa 28 Departamento de Santander. -- Mapa 29 Departamento de Sucre. -- Mapa 30 Departamento del Tolima. -- Mapa 31 Departamento del Valle del Cauca. -- Mapa 32 Departamento del Vaup&#xE9;s. -- Mapa 33 Departamento del Vichada.</subfield>
  </datafield>
  <datafield tag="650" ind1="1" ind2="4">
    <subfield code="a">Geograf&#xED;a</subfield>
    <subfield code="z"> Colombia</subfield>
    <subfield code="v"> Mapas.</subfield>
    <subfield code="9">11717</subfield>
  </datafield>
  <datafield tag="651" ind1=" " ind2="4">
    <subfield code="a">Colombia</subfield>
    <subfield code="v"> Mapas.</subfield>
    <subfield code="9">312</subfield>
  </datafield>
  <datafield tag="942" ind1=" " ind2=" ">
    <subfield code="2">ddc</subfield>
    <subfield code="c">MP</subfield>
  </datafield>
  <datafield tag="999" ind1=" " ind2=" ">
    <subfield code="c">36929</subfield>
    <subfield code="d">36929</subfield>
  </datafield>
  <datafield tag="952" ind1=" " ind2=" ">
    <subfield code="0">0</subfield>
    <subfield code="1">0</subfield>
    <subfield code="2">ddc</subfield>
    <subfield code="4">0</subfield>
    <subfield code="7">0</subfield>
    <subfield code="8">002</subfield>
    <subfield code="a">MEVIECAR</subfield>
    <subfield code="b">MEVIECAR</subfield>
    <subfield code="d">2017-11-07</subfield>
    <subfield code="l">1</subfield>
    <subfield code="o">918.6 M15</subfield>
    <subfield code="p">22351</subfield>
    <subfield code="r">2017-12-07 00:00:00</subfield>
    <subfield code="s">2017-11-07</subfield>
    <subfield code="w">2017-11-07</subfield>
    <subfield code="y">MP</subfield>
  </datafield>
</record>
